| 000 | 00553nam a2200145Ia 4500 | ||
|---|---|---|---|
| 003 | GCL | ||
| 008 | 140319s9999 xx 000 0 ara d | ||
| 040 |
_aGCL / _cGCL |
||
| 082 | 0 | 4 |
_aد _b050 _bج ح |
| 100 | 1 | _aالجهاز المركزى للتعبئة العامة | |
| 245 | 1 | 0 |
_aالحاسبات الالكترونية / _cالجهاز المركزى للتعبئة العامة |
| 260 |
_a[S.N] : _bالجهاز المركزى للتعبئة العامة والاحصاء ، _c1973 |
||
| 300 | _a106 | ||
| 490 |
_aالدراسات الادارية _v0 |
||
| 999 |
_c27450 _d27450 |
||